000
00339pam a2200145a 44500
008
230405s xxu||||| |||| 00| 0 eng d
041
_a
ENG
100
_a
K. K. PILLAI
245
_a
EXPERIMENTAL PHARMACOLOGY
250
_a
1 1999
260
_a
NEW DELHI
_b
CBS PUBLISHERS DELHI
_c
300
_a
124
650
_a
PHARMACOLOGY
906
_a
325
999
_c
275596
_d
275596